00480 2200169 4500245005300000020002200053250001100075100001600086650002500102005001900127260003300146041001400179084000800193500007600201490002400277336000900301 aEnsiklopedia Jakarta Volume 7cEni SetiatihText a978-979-3535-56-3 aCet. 1 aEni Setiati aEnsiklopedia Jakarta a20231122115852 aJakartabLENTERA ABADIc2009 aIndonesia a903 aDaftar Isi : Jakarta Tempo Doeloe ; Jakarta Kini ; Pemerintahan Jakarta aEnsiklopedia Jakata atext